000 02444nam0a2200445 4500
001 RU\NLR\bibl\1824279
005 20260406184126.0
010 _a978-5-86153-246-4
_93000
021 _aRU
_b2011-73301
_95205
035 _a(nilc)RSL-KNO-005028016
035 _a(NLR Aleph) 001814813
090 _a1922825
_c1922825
100 _a20110919d2011 |||y0rusy50 ca
101 0 _arus
102 _aRU
105 _aa |||||||||
200 1 _aРусский городок Царского Села. Китеж XX века
_eиллюстрированная история Федоровского городка и "Общества возрождения художественной Руси"
_f[сост.: Н.Н. Королев, Ю.В. Шабарова]
210 _aСанкт-Петербург
_aЦарское Село
_cОбщество русской традиционной культуры
_d2011
215 _a190, [1] с.
_cил., портр., цв. ил., цв. портр., факс.
_d29
300 _aПосвящается 300-летию Царского Села
320 _aБиблиогр.: с. 190
517 0 _aКитеж XX века
601 0 2 _aОбщество возрождения художественной Руси
_cПетроград, город
_92617539
_3RU\NLR\auth\661554099
606 1 _aПушкин, город (Санкт-Петербург, город)
_xАрхитектура
_91268243
_3RU\NLR\auth\66521566
686 _aТ3(2Р-4Ле-2Пушкин 3)я61
_2rubbk
686 _aН0(2Р=Р)92Пушкин.я61
_2rubbk
686 _aЩ113(2Р=Рус)92Санкт-Петербург9Пушкин
686 _aЩ103(2Р)7л5
686 _aТ3(2)0-7л6
702 1 _4220
_8rus
_7ca
_aКоролев
_bН. Н.
_cисторик
_3RU\NLR\AUTH\77119141
_9102066
712 0 2 _4570
_aОбщество возрождения художественной Руси
_cПетроград
_3RU\NLR\AUTH\889949461
_9394550
801 0 _aRU
_bRuMoRKP
_c20110919
_grcr
801 1 _aRU
_bРГБ
_c20110919
801 2 _aRU
_bNLR
_c20111021
_grcr
942 _cBOOK
980 _aNB
980 _aNBR
981 4 3 _a(43) Тематическая подборка Санкт-Петербург
_b(43) Пушкин
981 4 3 _a(43) Тематическая подборка Санкт-Петербург
_b(43) Пригороды и города в составе большого Петербурга